Normal view
MARC view
Entry Topical Term
001 - CONTROL NUMBER
- control field: 45927
003 - CONTROL NUMBER IDENTIFIER
- control field: ARRUPE
005 - DATE AND TIME OF LATEST TRANSACTION
- control field: 20190424140832.0
008 - FIXED-LENGTH DATA ELEMENTS
- fixed length control field: 190424|| aca||aabn | a|a d
040 ## - CATALOGING SOURCE
- Original cataloging agency: ARRUPE
- Transcribing agency: ARRUPE
150 ## - HEADING--TOPICAL TERM
- Topical term or geographic name as entry element: Social service
- General subdivision: Research.
670 ## - SOURCE DATA FOUND
- Source citation: Work cat.: (ARRUPE)0: Polansky, Norman A., 1918- ed. 45926, Social work research :, 1975.